Arte de proyectar en Arquitectura / (Record no. 111737)
[ view plain ]
| 000 -LEADER | |
|---|---|
| campo de control de longitud fija | 00536nam a2200169 4500 |
| 001 - NÚMERO DE CONTROL | |
| campo de control | 111737 |
| 003 - IDENTIFICADOR DE NÚMERO DE CONTROL | |
| campo de control | ES-MaACL |
| 007 - CAMPO FIJO DE DESCRIPCIÓN FÍSICA--INFORMACIÓN GENERAL | |
| campo de control de longitud fija | t| |
| 008 - DATOS DE LONGITUD FIJA--INFORMACIÓN GENERAL | |
| campo de control de longitud fija | 061121s1945 sp r ||||1| spa d |
| 100 1# - ENTRADA PRINCIPAL--NOMBRE DE PERSONA | |
| Nombre de persona | Neufert, Ernst. |
| 9 (RLIN) | 85434 |
| 245 10 - MENCIÓN DEL TÍTULO | |
| Título | Arte de proyectar en Arquitectura / |
| Mención de responsabilidad, etc. | Prof. Ernst Neufert; versión de la décima edición alemana por M. Company. |
| 250 ## - MENCION DE EDICION | |
| Mención de edición | 2ª ed. |
| 260 ## - PUBLICACIÓN, DISTRIBUCIÓN, ETC. | |
| Lugar de publicación, distribución, etc. | Barcelona : |
| Nombre del editor, distribuidor, etc. | Gustavo Gili, |
| Fecha de publicación, distribución, etc. | 1945. |
| 300 ## - DESCRIPCIÓN FÍSICA | |
| Extensión | XVI, 285 p. : |
| Otras características físicas | il. ; |
| Dimensiones | 32 cm. |
| 700 1# - ENTRADA AGREGADA--NOMBRE PERSONAL | |
| Nombre de persona | Company, M. |
| 9 (RLIN) | 40037 |
| 852 ## - LOCALIZACIÓN | |
| Ubicación | ES-MaACL |
| Número de control de estantería | B-2139 |
| Sublocalización o colección | R.21522 |
| Estatus retirado | Estado de pérdida | Estado de daño | No para préstamo | Biblioteca de origen | Biblioteca actual | Ubicación en estantería | Fecha de adquisición | Fuente de adquisición | Total de préstamos | Signatura topográfica completa | Código de barras | Visto por última vez | Precio de reemplazo | Tipo de ítem Koha |
|---|---|---|---|---|---|---|---|---|---|---|---|---|---|---|
| Biblioteca del Ateneo de Madrid | Biblioteca del Ateneo de Madrid | Sala Pardo Bazán | 17/01/2008 | B-2139 | 1116561 | 23/02/2023 | 23/02/2023 | Libro impreso |
